00711nam a2200181 a 450000100100000000500170001000800410002704000250006808200150009310000280010824500690013626000410020530000210024649000260026783000330029395201860032699900170051200003541220200930074325.0111031s1956 fr 000 0 fre d aDO-SdBNPbspacBNPHU axxxbD441i1 aDesanti, Jean T.96124310aIntroduction a l´histoire de la philosophie /cJean T. Desanti. aParís :bNouvelle Critique,c1956. a313 p. ;c18 cm.1 aLes essais de la N. C 0aLes essais de la N. C961244 001050718RVaGRbGRcCTd2011-10-31iLF1l0oxxx D441ip35412-10r2020-06-25w2020-06-25y1zPerteneció a la biblioteca personal de Juan Isidro Jimenes- GrullónZNo se presta c34903d34903